|
|
|
|
| LEADER |
00000nab#a22000007a#4500 |
| 001 |
arbauad001134 |
| 003 |
AR-BaUAD |
| 005 |
20250711110426.0 |
| 008 |
930705|||||||||###||||||b###|0###a|spa|| |
| 040 |
|
|
|a AR-BaUAD
|c AR-BaUAD
|b spa
|
| 100 |
|
|
|a Jenssen, Heinke
|
| 245 |
|
|
|a Wide ranging dane :
|b Flemming Ljorring /
|c Heinke Jenssen;
|
| 300 |
0 |
|
|b il., fot.
|
| 653 |
|
|
|a LJORRING, FLEMMING
|
| 653 |
|
|
|a DISEÑADORES GRAFICOS
|
| 653 |
|
|
|a DINAMARCA
|
| 653 |
|
|
|a TARJETAS DE SALUDOS
|
| 653 |
|
|
|a AFICHES
|
| 653 |
|
|
|a ISOTIPOS
|
| 653 |
|
|
|a LOGOTIPOS
|
| 653 |
|
|
|a DISEÑO GRAFICO
|
| 773 |
0 |
|
|t GRAPHIS
|g no. 283 [ene.-feb. 1993], p. 47-57
|
| 942 |
|
|
|c ARTI
|
| 952 |
|
|
|0 0
|1 0
|4 0
|7 0
|9 46054
|a AR-BAuAD
|b AR-BAuAD
|d 2025-07-11
|l 0
|p AAQA001134
|r 2025-07-11 11:04:26
|w 2025-07-11
|y ARTI
|
| 990 |
|
|
|a DG199
|b TD
|
| 998 |
|
|
|a AAQ
|b BIBUN76
|
| 999 |
|
|
|c 25727
|d 25727
|